Vista normal
Vista MARC
Entrada Topical Term
Número de registros utilizados en: 2
001 - CONTROL NUMBER
- control field: 21966
003 - CONTROL NUMBER IDENTIFIER
- control field: OSt
005 - DATE AND TIME OF LATEST TRANSACTION
- control field: 20230915230833.0
008 - FIXED-LENGTH DATA ELEMENTS
- fixed length control field: 230915|| aca||aabn | a|a d
040 ## - CATALOGING SOURCE
- Original cataloging agency: OSt
- Transcribing agency: OSt
150 ## - HEADING--TOPICAL TERM
- Topical term or geographic name entry element: CIENCIAS SOCIALES INTEGRADAS - educación SECUNDARIA
670 ## - SOURCE DATA FOUND
- Source citation: Work cat.: (OSt)25523: Diaz Rivero, Gonzalo; Centeno Rojas, Rocio 21965, Mundo antiguo 6 : , libros y libros